000 00683nam a22002177a 4500
005 20250422160206.0
010 _aENG-144682
020 _c400.00
035 _aEN-128214
037 _bDBAD
082 _a615.2
100 _aKulkarni H.P
_980783
245 _aPathology In Ayurveda;
_bRoga Nidana / Vikruti Vidnyana/
_cP.H. Kulkarni
260 _aPune
_bDeerghayu International
_c2022
270 _a36, Kothrud Gaothan, Opp. Mhatoba Temple, Navgarh Maruthi, Bodhi Vruksha,
_bPune
_e411038
300 _a254 p.
_c22 cm.(Pb)
490 _vvol 1
500 _aStories of vedanta monks
700 _aSwami chetanananda
_976691
942 _2ddc
_cEN
_h615.2
_mkul
999 _c211057
_d211057